000 01424naa a22003377a 4500
001 BR7405485
003 BR-BrBNA
005 20240918173625.0
007 ta
008 230509b bl.||||| |||| 00| 0 por d
040 _aBR-BrBNA
_bpor
_cBiblioteca Nacional de Agricultura
041 _a(Pt)
072 _aF25; F00
_b1940
_b3820
_b3730
090 _aF25 BR7405485
100 1 _aPostiglioni, S.R.
100 1 _aJacques, A.V.A.
100 1 _aBerlato, M.A.
111 1 _a11. Reuniao da Sociedade Brasileira de Zootecnia
_cFortaleza, CE (Brazil)
_d22 Jul 1974
245 1 _aEfeito do nitrogenio e populacao de plantas sobre o teor e producao de proteina bruta da C.V. comum de milheto (Pennisetum typhoides (Burm.)stapf C.E. Hubb), sob dois niveis de umidade no solo em duas epocas de semeadura
260 3 _aFortaleza, CE (Brasil):
_bUniversidade Federal do Ceara,
_c1974.
500 _aAnais da 11. Reuniao da Sociedade Brasileira de Zootecnia Fortaleza, CE (Brasil): Universidade Federal do Ceara, 1974. p. 246-247 (BR7405485-AM)F25
650 _aFertilidade do solo
650 _aProducao vegetal
650 _aMilheto
650 _aFertilizante nitrogenado
650 _aProteina
650 _aSemeadura
773 0 _tAnais da 11. Reuniao da Sociedade Brasileira de Zootecnia
_wF25 BR7405485
_gFortaleza, CE (Brasil), 1974. p. 246-247
909 _a202404
_bLucia
_c55
_dLucia Elande
942 _cAM
_2AGRIS
999 _c305821
_d305821